00997nam a2200205 a 450000100100000000500170001000800410002704000250006808200150009310000320010824501570014026000360029730000330033370000300036670000320039695201130042895201190054195201140066099900170077400003673620200930075914.0120126s1985 xxua 000 0 eng d aDO-SdBNPbspacBNPHU axxxxbH7411 aHollinger, F. Blaine96304610aViral hepatitis :bbiological and clinical features, specific diagnosis, and prophylaxis /cF. Blaine Hollinger, Joseph L. Melnick, William S. Robinson. aNew York :bRaven Press,c1985. avii, 213 p. :bil. ;c25 cm.1 aMelnick, Joseph L.9630471 aRobinson, William S.963048 001050718MOaGRbGRcCTd2012-01-26iLF1l0oxxxx H741p36736-10r2020-06-25w2020-06-25y1ZNo se presta 001050718MOaGRbGRcCTd2012-03-13iLF1l0oxxxx H741p36736-20r2020-06-25te. 2w2020-06-25y1ZNo se presta 0010507-18MOaGRbGRcOId2012-01-26iLF1l0oxxxx H741p36737-10r2020-06-25w2020-06-25y1ZNo se presta c36227d36227